|
|
|
|
| LEADER |
00000cam a2200000 a 4500 |
| 001 |
vtls010288176 |
| 003 |
SK-MaSNL |
| 005 |
20260426012302.0 |
| 008 |
240314s2010 xo dl f 000 0dslo |
| 015 |
|
|
|a SNBA2011/03-01647
|
| 020 |
|
|
|a 9788089282456
|q (viaz.)
|
| 035 |
|
|
|a A39222EB-1FA7-4EE1-980F-022E5E78248D
|
| 035 |
|
|
|a urn:nbn:sk:snk-aml8ox
|
| 035 |
|
|
|a urn:nbn:sk:snk-am008sn0
|
| 040 |
|
|
|a SNK
|b slo
|c SNK
|e AACR2
|
| 041 |
0 |
|
|a slo
|
| 044 |
|
|
|a xo
|c SK
|
| 072 |
|
7 |
|a 316.4
|x Sociálne procesy
|2 konspekt
|
| 072 |
|
7 |
|a 327
|x Medzinárodné vzťahy, svetová politika
|2 konspekt
|
| 072 |
|
7 |
|a 355/359
|x Vojenstvo. Obrana krajiny. Ozbrojené sily
|2 konspekt
|
| 080 |
|
|
|a 327.5
|2 2001
|
| 080 |
|
|
|a 005.934
|2 2001
|
| 080 |
|
|
|a (048.8)
|2 2001
|
| 080 |
|
|
|a 316.422
|2 2001
|
| 080 |
|
|
|a 343.3/.7
|2 2001
|
| 080 |
|
|
|a 37.0
|2 2001
|
| 080 |
|
|
|a 355.02
|2 2001
|
| 080 |
|
|
|a 351.746.2
|2 2001
|
| 100 |
1 |
|
|a Mesároš, Marián,
|d 1951-
|4 aut
|9 120526
|
| 245 |
1 |
0 |
|a Bezpečnosť, bezpečnostná veda a vzdelávanie v procese globalizácie
|c Marián Mesároš
|
| 260 |
|
|
|a Košice
|b Vysoká škola bezpečnostného manažérstva
|c 2010
|
| 300 |
|
|
|a 165 s.
|b grafy, sch., tab.
|c 25 cm
|
| 366 |
|
|
|e 300 výt.
|
| 504 |
|
|
|a Bibliogr. s. 163-164
|
| 546 |
|
|
|a Súbež. úvod angl.
|
| 650 |
0 |
7 |
|a medzinárodná bezpečnosť
|2 SNKPH
|9 2672
|
| 650 |
0 |
7 |
|a bezpečnostné vedy
|2 SNKPH
|9 198845
|
| 650 |
0 |
7 |
|a bezpečnostný manažment
|2 SNKPH
|9 927
|
| 650 |
0 |
7 |
|a bezpečnostné služby
|2 SNKPH
|9 3897
|
| 650 |
0 |
7 |
|a globalizácia
|2 SNKPH
|9 3615
|
| 650 |
0 |
7 |
|a International security
|2 SNKPHeng
|9 311361
|
| 650 |
0 |
7 |
|a Safety management
|2 SNKPHeng
|9 276238
|
| 650 |
0 |
7 |
|a Globalization
|2 SNKPHeng
|9 310513
|
| 650 |
0 |
7 |
|a kriminalita
|2 SNKPH
|9 2180
|
| 650 |
0 |
7 |
|a Crime
|2 SNKPHeng
|9 267400
|
| 650 |
0 |
7 |
|a vzdelávanie
|2 SNKPH
|9 4033
|
| 650 |
0 |
7 |
|a Education
|2 SNKPHeng
|9 265320
|
| 650 |
0 |
7 |
|a bezpečnostná politika
|2 SNKPH
|9 1647
|
| 650 |
0 |
7 |
|a Security policy
|2 SNKPHeng
|9 268398
|
| 650 |
0 |
7 |
|a Security services
|2 SNKPHeng
|9 319005
|
| 655 |
|
7 |
|a monografie
|2 SNKPH
|9 70139
|
| 655 |
|
7 |
|a Monographs
|2 SNKPHeng
|9 120675
|
| 919 |
|
|
|a 978-80-89282-45-6
|
| 958 |
|
|
|a NB
|
| 958 |
|
|
|a OND
|
| 968 |
|
|
|d 32
|
| 999 |
|
|
|c 1093113
|d 1095043
|
| 952 |
|
|
|a SNK
|b SNK
|y PREZ
|7 0
|p 17A0717662
|o snkSC 146685
|i snk2011/18799
|8 0
|0 0
|1 0
|4 0
|d 2011-09-09
|f 1
|l 0
|r 2025-07-15 00:00:00
|w 2026-02-24
|